000 00288nam a22001337a 4500
020 _a81-88697-06-0
082 _a823
_bHAR/G
100 _aHARDY,THOMAS
245 _aGREAT WORKS OF THOMAS HARDY
260 _aDELHI
_bBLACK ROSE
300 _a672
650 _aNOVELS
_zDELHI
942 _cBK
999 _c3599
_d3599